Factores determinantes de un proyecto de industria químico farmaceútica nacional / (Record no. 142241)

MARC details
000 -LEADER
campo de control de longitud fija 00813nam a2200193 i 4500
001 - NÚMERO DE CONTROL
campo de control 142241
003 - IDENTIFICADOR DE NÚMERO DE CONTROL
campo de control ES-MaACL
005 - FECHA Y HORA DE LA ÚLTIMA TRANSACCIÓN
campo de control 20240111173950.0
007 - CAMPO FIJO DE DESCRIPCIÓN FÍSICA--INFORMACIÓN GENERAL
campo de control de longitud fija t|
008 - DATOS DE LONGITUD FIJA--INFORMACIÓN GENERAL
campo de control de longitud fija 071004s1945 sp ||||1| spa d
100 1# - ENTRADA PRINCIPAL--NOMBRE DE PERSONA
Nombre de persona Villanueva Vadillo, Víctor.
9 (RLIN) 115052
245 10 - MENCIÓN DEL TÍTULO
Título Factores determinantes de un proyecto de industria químico farmaceútica nacional /
Mención de responsabilidad, etc. discurso leído por Víctor Villanueva Vadillo en el acto de su recepción en la Real Academia de Farmacia el día 13 de abril de 1945 y contestación de José de la Vega y Portilla.
260 ## - PUBLICACIÓN, DISTRIBUCIÓN, ETC.
Lugar de publicación, distribución, etc. Madrid :
Nombre del editor, distribuidor, etc. [s.n.],
Fecha de publicación, distribución, etc. 1945 (
Fabricante Impr. Saez)
300 ## - DESCRIPCIÓN FÍSICA
Extensión 180 p., 2 h. pleg. ;
Dimensiones 25 cm.
700 1# - ENTRADA AGREGADA--NOMBRE PERSONAL
Nombre de persona Vega y Portilla, José de la.
9 (RLIN) 113634
710 0# - ENTRADA AGREGADA--NOMBRE DE ENTIDAD CORPORATIVA
Nombre de entidad corporativa o nombre de jurisdicción como elemento de entrada Real Academia de Farmacia (España)
9 (RLIN) 6307
852 ## - LOCALIZACIÓN
Ubicación ES-MaACL
Número de control de estantería B-10017
Holdings
Estatus retirado Estado de pérdida Estado de daño No para préstamo Biblioteca de origen Biblioteca actual Ubicación en estantería Fecha de adquisición Fuente de adquisición Total de préstamos Signatura topográfica completa Código de barras Visto por última vez Precio de reemplazo Tipo de ítem Koha
        Biblioteca del Ateneo de Madrid Biblioteca del Ateneo de Madrid Sala Pardo Bazán 17/01/2008     B-10017 1148003 23/02/2023 23/02/2023 Libro impreso